| 000 | 00744nam a2200229Ii 4500 | ||
|---|---|---|---|
| 003 | JO-AjNU | ||
| 008 | 230605s9999||||xx |||||||||||||| ||und|| | ||
| 017 | _a2009/5595 | ||
| 020 | _a977-379-070-x | ||
| 040 |
_aJO-AjNU _bara _erda _cJO-AjNU |
||
| 041 | _aara | ||
| 050 | 1 | 4 | _aHG8051.A289 2010 |
| 100 | 3 |
_aابو زيد، محمد احمد, _eauthor _932060 |
|
| 245 | 0 | 0 | _aمبادىء التأمين |
| 250 | _aط1 | ||
| 264 | 3 | 1 | _aالاسكندرية: دار الفكر الجامعي، 2010 |
| 300 |
_a164ص _bيحتوي على جداول و ببلوغرافية من 151-164ص |
||
| 336 |
_atext _btxt _2rdacontent |
||
| 337 |
_aunmediated _bn _2rdamedia |
||
| 338 |
_avolume _bnc _2rdacarrier |
||
| 650 | 4 |
_aالتأمين _932061 |
|
| 999 |
_aA12899 _c16467 _d16467 |
||